000 00594nam a2200205Ia 4500
005 20250923145830.0
008 008 250917s9999 xx 000 0 eng d
037 _aTextual
040 _aDSWL
_beng
_cDSWL
041 _aeng
_2eng
084 _aYX;1-m7.2, N90
_qDSWL
100 _aChowdhry, D.Paul
_9839385
245 0 _aVoluntary effort in social welfare and development
_c by D.Paul Chowdhry
260 _aNew Delhi
_bSiddarth
_c1990
300 _avii,427p.
365 _aINR
_b250.00
925 _g250.00
942 _cTEXL
_hYX;1-m7.2, N90
999 _c1456243
_d1456243